Statistics for The 2 Closest Neighbours of Island Dependencies (Caribbean)

Click here to take the quiz!

General Stats

  • This quiz has been taken 58 times
  • The average score is 20 of 32

Answer Stats

HintAnswer% Correct
Puerto Rico (USA)Dominican Republic
97%
US Virgin IslandsSt Kitts and Nevis
72%
British Virgin IslandsSt Kitts and Nevis
72%
Puerto Rico (USA)St Kitts and Nevis
72%
US Virgin IslandsAntigua and Barbuda
67%
British Virgin IslandsAntigua and Barbuda
67%
Sint Maarten (Netherlands)St Kitts and Nevis
67%
Anguilla (UK)St Kitts and Nevis
67%
Saint-Martin (France)St Kitts and Nevis
67%
Anguilla (UK)Antigua and Barbuda
64%
Guadaloupe (France)Dominica
64%
Saint-Barthélemy (France)St Kitts and Nevis
64%
Saba (Netherlands)St Kitts and Nevis
64%
Sint Maarten (Netherlands)Antigua and Barbuda
62%
Saint-Barthélemy (France)Antigua and Barbuda
62%
Saba (Netherlands)Antigua and Barbuda
62%
Saint-Martin (France)Antigua and Barbuda
62%
Montserrat (UK)St Kitts and Nevis
62%
St Eustatius (Netherlands)St Kitts and Nevis
62%
Aruba (Netherlands)Venezuela
62%
Montserrat (UK)Antigua and Barbuda
59%
St Eustatius (Netherlands)Antigua and Barbuda
59%
Aruba (Netherlands)Colombia
59%
Curaçao (Netherlands)Venezuela
59%
Guadaloupe (France)Antigua and Barbuda
56%
Curaçao (Netherlands)Colombia
56%
Martinque (France)Dominica
56%
Cayman Islands (UK)Jamaica
56%
Martinque (France)St Lucia
56%
Bonaire (Netherlands)Venezuela
56%
Bonaire (Netherlands)Colombia
54%
Cayman Islands (UK)Cuba
51%

Score Distribution

Percentile by Number Answered

Percent of People with Each Score

Your Score History

You have not taken this quiz